Third AIMS Inter 1 Conference Jan -1-4,2006 (Record no. 61523)

MARC details
000 -LEADER
fixed length control field 00298nam a2200121Ia 4500
008 - FIXED-LENGTH DATA ELEMENTS--GENERAL INFORMATION
fixed length control field 221007s9999 xx 000 0 und d
041 ## - LANGUAGE CODE
Language code of text/sound track or separate title eng
082 ## - DEWEY DECIMAL CLASSIFICATION NUMBER
Classification number 658
Item number HNI
100 ## - MAIN ENTRY--PERSONAL NAME
Personal name HNIMRW
9 (RLIN) 97027
245 ## - TITLE STATEMENT
Title Third AIMS Inter 1 Conference Jan -1-4,2006
260 ## - PUBLICATION, DISTRIBUTION, ETC. (IMPRINT)
Name of publisher, distributor, etc. IIM
Place of publication, distribution, etc. Ahmedabad
906 ## - LOCAL DATA ELEMENT F, LDF (RLIN)
b General
Holdings
Withdrawn status Lost status Damaged status Not for loan Home library Current library Date acquired Vendor Total Checkouts Full call number Barcode Date last seen Bill Date Koha item type Original Barcode
        Smt. Hiraben Nanavati Institute of Management & Research for Women Smt. Hiraben Nanavati Institute of Management & Research for Women 03/08/2006 Satya Gilani   658 HNI HIMR-AV-587 07/10/2022 03/08/2006 Video Casset AV0587
        Smt. Hiraben Nanavati Institute of Management & Research for Women Smt. Hiraben Nanavati Institute of Management & Research for Women 03/08/2006 Satya Gilani   658 HNI HIMR-AV-588 07/10/2022 03/08/2006 Video Casset AV0588